Logo CIB grande

DICCIONARIO ENCICLOPEDICO DE DERECHO USUAL: F - I (TOMO IV) (Registro nro. 220177)

Detalles MARC
000 -LEADER
campo de control de longitud fija 00578nam a2200229Ia 4500
005 - FECHA Y HORA DE LA ÚLTIMA TRANSACCIÓN
campo de control 20250425162004.0
008 - DATOS DE LONGITUD FIJA--INFORMACIÓN GENERAL
campo de control de longitud fija 250425s9999 xx 000 0 und d
020 ## - NÚMERO INTERNACIONAL ESTÁNDAR DEL LIBRO
Número Internacional Estándar del Libro 9509065692
041 ## - CÓDIGO DE IDIOMA
Código de lengua del texto/banda sonora o título independiente spa
043 ## - CÓDIGO DE ÁREA GEOGRÁFICA
Código de área geográfica ag
082 ## - NÚMERO DE LA CLASIFICACIÓN DECIMAL DEWEY
Número de clasificación 340.03
010 ## - NÚMERO DE CONTROL DE LA BIBLIOTECA DEL CONGRESO
Número de control de LC 38830
100 ## - ENTRADA PRINCIPAL--NOMBRE DE PERSONA
Nombre de persona CABANELLAS, GUILLERMO
245 #0 - MENCIÓN DEL TÍTULO
Título DICCIONARIO ENCICLOPEDICO DE DERECHO USUAL: F - I (TOMO IV)
250 ## - MENCION DE EDICION
Mención de edición 26A ED.
260 ## - PUBLICACIÓN, DISTRIBUCIÓN, ETC.
Lugar de publicación, distribución, etc. Argentina
Nombre del editor, distribuidor, etc. HELIASTA
Fecha de publicación, distribución, etc. 1998
260 ## - PUBLICACIÓN, DISTRIBUCIÓN, ETC.
Lugar de publicación, distribución, etc. BUENOS AIRES
300 ## - DESCRIPCIÓN FÍSICA
Extensión 504
650 ## - PUNTO DE ACCESO ADICIONAL DE MATERIA--TÉRMINO DE MATERIA
Término de materia o nombre geográfico como elemento de entrada DICCIONARIO DE DERECHO COMUN
650 ## - PUNTO DE ACCESO ADICIONAL DE MATERIA--TÉRMINO DE MATERIA
Término de materia o nombre geográfico como elemento de entrada TERMINOS JURIDICOS
942 ## - ELEMENTOS DE ENTRADA SECUNDARIOS (KOHA)
Tipo de ítem Koha Libros
Existencias
Estatus retirado Estado de pérdida Estado de daño No para préstamo Biblioteca de origen Biblioteca actual Ubicación en estantería Fecha de adquisición Coste, precio normal de compra Etiqueta RFID Total de préstamos Código de barras Copia número Tipo de ítem Koha
        CENTRO DE INFORMACIÓN BIBLIOTECARIA CENTRO DE INFORMACIÓN BIBLIOTECARIA   28/09/2001 58.00 0000000000000000007405   38517 1  
        CENTRO DE INFORMACIÓN BIBLIOTECARIA CENTRO DE INFORMACIÓN BIBLIOTECARIA   04/10/2001 58.00 0000000000000000007406   38533 3 Libros

Copyright 2025 ESPOL. Todos los derechos reservados.